The Least - Statistics

General Stats
  • This quiz has been taken 15 times
  • The average score is 3 of 20
Answer Stats
Hint Answer % Correct
Least visisted U.S. state Alaska
77%
Least visited country in the world Nauru
54%
Least popular U.S. president Donald Trump
31%
Least popular member of The Beatles Ringo
31%
Least populated country in South America Suriname
31%
Least densely populated U.S. state Alaska
23%
Least visited country In South America Guyana
23%
Least populated country in the world Vatican
23%
Least visited country in Europe Belarus
15%
Least densely populated place in the world Greenland
8%
Least populated country in Asia Maldives
8%
Least visited country in North America St Vincent & the Grenadines
8%
Least visited country in Asia Bhutan
0%
Least ethnically diverse countries Comoros / East Timor / Sao Tome and Principe / Yemen
0%
Least visited country in Africa Equatorial Guinea
0%
Least visited U.S. National Park Gates of the Arctic
0%
Least popular word in the English language Moist
0%
Least visited region in the world Oceania
0%
EU country citizens who travel the least Romania
0%
Least populated country in Africa Seychelles
0%
No matching quizzes found
Score Distribution
Percent of People with Each Score
Percentile by Number Answered
Your Score History
You have not taken this quiz